000 01117nam a22001937a 4500
999 _c63882
_d63882
003 Ge_BSU
005 20260211152805.0
008 260211s1973 ge ||||| |||| 00| 0 geo d
041 _ageo
080 _a331.101.6:338.45(479.22) ნ-28
100 _aნარგიზაშვილი, მ.
_925590
245 _aტექნიკური პროგრესი და შრომის ნაყოფიერება საქართველოს მრეწველობაში :
_b[უკანასკნელი წლების მონაცემების საფუძველზე].
_cმ. ნარგიზაშვილი.
264 _aთბ. :
_bსაბჭოთა საქართველო,
_c1973.
300 _a91 გვ. ;
_b20 სმ.
653 _aსაქართველოს მრეწველობა
653 _aტექნიკური პროგრესი
653 _aშრომის ნაყოფიერება საქართველოს მრეწველობაში
942 _2udc
_cᲬᲘᲒᲜᲘ